In vitro methods for parasite cultivation /

Bibliographic Details
Other Authors: Taylor, Angela E. R., Baker, John R. (John Robin)
Format: Book
Language:English
Published: London : Academic, 1987.
Edition:United States ed.
Subjects:

MARC

Tag First Indicator Second Indicator Subfields
LEADER 00000cam a22000008a 4500
001 in00000016974
005 20151007053340.0
008 870805s1987 enka b 00100 eng d
010 |a gb 87040391  
015 |a GB87-40391 
020 |a 0126838550 :  |c £55.00 (Nov.) 
035 |a (OCoLC)16756174 
035 |9 AAB1318AM 
040 |a UKM  |c UKM  |d TXA  |d UtOrBLW 
049 |a TXAM  |c [A11097261] 
050 1 0 |a QL757 
050 4 |a QL757  |b .V55 1987 
082 0 |a 574.5/249/0724  |2 19 
245 0 0 |a In vitro methods for parasite cultivation /  |c edited by A.E.R Taylor and J.R. Baker. 
250 |a United States ed. 
264 1 |a London :  |b Academic,  |c 1987. 
300 |a vi, 465 pages :  |b illustrations ;  |c 23 cm. 
336 |a text  |b txt  |2 rdacontent 
337 |a unmediated  |b n  |2 rdamedia 
338 |a volume  |b nc  |2 rdacarrier 
504 |a Includes bibliography and index. 
650 0 |a Parasitology  |x Technique. 
650 0 |a Cultures (Biology) 
700 1 |a Taylor, Angela E. R. 
700 1 |a Baker, John R.  |q (John Robin) 
999 |a MARS 
999 f f |s 0edd61f0-140c-340d-8c0d-c1c46aa3c8fe  |i 07a96604-d084-3478-b79f-1f8ab7c688e7  |t 0 
952 f f |p ric  |a Texas A&M University  |b Rellis Campus  |c Joint Library Facility  |d Remote Storage  |t 0  |e QL757 .V55 1987  |h Library of Congress classification  |i unmediated -- volume  |m A14811097261 
998 f f |a QL757 .V55 1987  |t 0  |l Remote Storage